Statistics for Billboard Hot 100 March 2024

Click here to take the quiz!

General Stats

  • This quiz has been taken 17 times
  • The average score is 45 of 100

Answer Stats

HintAnswer% Correct
Cruel Summer | Is It Over Now? (_'s Version) [From The Vault]Taylor Swift
100%
Bye | Don't Wanna Break Up Again | Eternal Sunshine | +8 othersAriana Grande
92%
Agora Hills | Paint The Town RedDoja Cat
92%
Texas Hold 'EmBeyonce
85%
Houdini | Training SeasonDua Lipa
85%
Saturn | SnoozeSZA
85%
Redrum21 Savage
77%
Act II: Date @ 84Batz ft. Drake
77%
Beautiful ThingsBenson Boone
77%
What Was I Made For?Billie Eilish
77%
You Broke My HeartDrake
77%
Lovin On MeJack Harlow
77%
Lose ControlTeddy Swims
77%
Fast Car | Where The Wild Things AreLuke Combs
69%
Last Night | Spin You Around (1/24) | Thinkin' Bout MeMorgan Wallen
69%
Stick SeasonNoah Kahan
69%
VampireOlivia Rodrigo
69%
Mamaw's HouseThomas Rhett ft. Morgan Wallen
69%
FeatherSabrina Carpenter
62%
Exes | GreedyTate McRae
62%
Enough (Miami) | Like What (Freestyle)Cardi B
54%
Surround SoundJID ft. 21 Savage & Baby Tate
54%
WaterTyla
54%
CarnivalYe & Ty Dolla $ign ft. Rich The Kid & Playboi Carti
54%
End Of BeginningDjo
46%
Never Lose MeFlo Milli
46%
Yeah Glo!GloRilla
46%
SelfishJustin Timberlake
46%
FTCUNicki Minaj
46%
Get It SexyySexyy Red
46%
FE!NTravis Scott ft. Playboi Carti
46%
TourniquetZach Bryan
46%
EverybodyNicki Minaj ft. Lil Uzi Vert
38%
Whatever She WantsBryson Tiller
31%
BanditDon Toliver
31%
Prada DemGunna ft. Offset
31%
Deeper WellKacey Musgraves
31%
Made For MeMuni Long
31%
Praise Jah In The MoonlightYG Marley
31%
I Remember EverythingZach Bryan ft. Kacey Musgraves
31%
Nee-nah21 Savage, Travis Scott & Metro Boomin
23%
Perro NegroBad Bunny & Feid
23%
Truck BedHARDY
23%
Wild OnesJessie Murph & Jelly Roll
23%
Igual Que Un AngelKali Uchis & Peso Pluma
23%
I Can Feel ItKane Brown
23%
Burn It DownParker McCollum
23%
La Diabla | La VíctimaXavi
23%
BreatheYeat
23%
Soak City310babii
15%
MmhmmBigXthaPlug
15%
AustinDasha
15%
Harley QuinnFuerza Regida & Marshmello
15%
Save MeJelly Roll with Lainey Wilson
15%
Tucson Too LateJordan Davis
15%
Man Made A BarMorgan Wallen ft. Eric Church
15%
BellakeoPeso Pluma & Anitta
15%
Murder On The DancefloorSophie Ellis-Bextor
15%
One Of The GirlsThe Weeknd, Jennie & Lily Rose Depp
15%
Holy Smokes | Where It EndsBailey Zimmerman
8%
23Chayce Beckham
8%
SensationalChris Brown ft. Davido & Lojay
8%
CoalDylan Gossett
8%
Gata OnlyFloyyMenor X Cris Mj
8%
Tu NameFuerza Regida
8%
HomeGood Neighbours
8%
Let's GoKey Glock
8%
Wildflowers And Wild HorsesLainey Wilson
8%
Scared To StartMichael Marcagi
8%
One CallRich Amiri
8%
Back Then Right NowTyler Hubbard
8%
FRI(END)SV
8%
Pretty Little PoisonWarren Eiders
8%
Get In With Me | Mr Pot ScraperBossMan Dlow
0%
We RideBryan Martin
0%
We Don't Fight AnymoreCarly Pearce ft. Chris Stapleton
0%
Baby PleaseIvan Cornejo
0%
OutskirtsSam Hunt
0%

Score Distribution

Percentile by Number Answered

Percent of People with Each Score

Your Score History

You have not taken this quiz